Máte neklidné dítě? /
Uloženo v:
| Hlavní autor: | |
|---|---|
| Další autoři: | |
| Médium: | Kniha |
| Jazyk: | Czech |
| Vydáno: |
Praha :
Portál,
2004
|
| Vydání: | Vyd. 1. |
| Edice: | Rádci pro rodiče a vychovatele
|
| Témata: |
děti
> chování
> povahy
> hyperaktivita
> aktivita
> neklidné děti
> výchova
> rodina
> rodiče
> rady
> příručky
> populárně-naučné publikace
|
| Celkem bylo vypůjčeno: | 24x |
| Tagy: |
Žádné tagy |
| LEADER | 01210nam a2200313 a 4500 | ||
|---|---|---|---|
| 001 | 59266 | ||
| 005 | 20240330061740.0 | ||
| 008 | 040413s2004----xr ---------u-------cze-d | ||
| 015 | |a cnb001295525 | ||
| 020 | |a 80-7178-868-6 : |c 149.00 Kč | ||
| 040 | |a UOG502 |e AACR2 |9 1 |b cze | ||
| 041 | 1 | |a cze |h ita | |
| 080 | |a 37 | ||
| 080 | |a 159.923 | ||
| 080 | |a 173 | ||
| 080 | |a 37 | ||
| 100 | 1 | |a Laniado, Nessia |7 xx0003276 |4 aut |9 25429 | |
| 245 | 1 | 0 | |a Máte neklidné dítě? / |c Nessia Laniado ; [z italského originálu ... přeložila Ivana Hlaváčová] |
| 250 | |a Vyd. 1. | ||
| 260 | |a Praha : |b Portál, |c 2004 | ||
| 300 | |a 110 s. | ||
| 490 | 1 | |a Rádci pro rodiče a vychovatele | |
| 653 | |a děti |a chování |a povahy |a hyperaktivita |a aktivita |a neklidné děti |a výchova |a rodina |a rodiče |a rady |a příručky |a populárně-naučné publikace | ||
| 700 | 1 | |a Hlaváčová, Ivana, |d 1968- |7 jo2003193247 |4 trl |9 16252 | |
| 830 | 0 | |a Rádci pro rodiče a vychovatele | |
| 910 | |a UOG502 | ||
| 999 | |c 59266 |d 59266 | ||
| 942 | 0 | 0 | |0 23 |
| 993 | |0 0 |1 421180059215 |4 0 |6 37_000000000000000 |7 0 |9 40742 |a 149.00 |b 0 |c 59215 |d 2004-04-13 |e 24 |f DOSP |g 37 |h 149.00 |i Zámecké knihkupectví |j 12 |l DOSP |r 2022-11-02 |s 2022-09-27 |t 5 |w 2017-09-19 |y KN |z NAUCNA | ||